La política italiana de España bajo el reinado de Carlos IV / (Record no. 32620)

MARC details
000 -LEADER
campo de control de longitud fija 00724nam a2200193 i 4500
001 - NÚMERO DE CONTROL
campo de control 32620
003 - IDENTIFICADOR DE NÚMERO DE CONTROL
campo de control ES-MaACL
005 - FECHA Y HORA DE LA ÚLTIMA TRANSACCIÓN
campo de control 20230906154615.0
007 - CAMPO FIJO DE DESCRIPCIÓN FÍSICA--INFORMACIÓN GENERAL
campo de control de longitud fija t|
008 - DATOS DE LONGITUD FIJA--INFORMACIÓN GENERAL
campo de control de longitud fija 030131s1958 sp ||||1| spa d
100 1# - ENTRADA PRINCIPAL--NOMBRE DE PERSONA
Nombre de persona Berte-Langereau, Jack.
9 (RLIN) 28429
245 13 - MENCIÓN DEL TÍTULO
Título La política italiana de España bajo el reinado de Carlos IV /
Mención de responsabilidad, etc. Jack Berte-Langereau ; traducción del francés por Julio Gómez de la Serna.
260 ## - PUBLICACIÓN, DISTRIBUCIÓN, ETC.
Lugar de publicación, distribución, etc. Madrid :
Nombre del editor, distribuidor, etc. Revista de Occidente,
Fecha de publicación, distribución, etc. [1958] (
Fabricante Imp. Viuda de Galo Sáez)
300 ## - DESCRIPCIÓN FÍSICA
Extensión 261 p., 13 lám. ;
Dimensiones 18 cm.
651 #0 - PUNTO DE ACCESO ADICIONAL DE MATERIA--NOMBRE GEOGRÁFICO
Nombre geográfico España-
Subdivisión general Historia-
Subdivisión cronológica 1788-1808, Carlos IV.
9 (RLIN) 8242
700 1# - ENTRADA AGREGADA--NOMBRE PERSONAL
Nombre de persona Gómez de la Serna, Julio,
Fechas asociadas al nombre 1895-1983
9 (RLIN) 57899
852 ## - LOCALIZACIÓN
Ubicación ES-MaACL
Número de control de estantería C-13934
Holdings
Estatus retirado Estado de pérdida Estado de daño No para préstamo Biblioteca de origen Biblioteca actual Ubicación en estantería Fecha de adquisición Fuente de adquisición Total de préstamos Signatura topográfica completa Código de barras Visto por última vez Precio de reemplazo Tipo de ítem Koha
        Biblioteca del Ateneo de Madrid Biblioteca del Ateneo de Madrid Sala Palomar 17/01/2008     C-13934 1033823 23/02/2023 23/02/2023 Libro impreso